01009 2200361 4500001002100000005001500021035002000036007000300056040001700059100002200076245007900098250001200177300003600189504002900225020002200254041000800276082001100284084001700295090002200312264003800334336002100372337003000393338002300423500003100446650001000477700004100487850001000528008004100538990001700579990001700596990001700613990001700630INLIS00000000000615020260419121635 a0010-0322000394ta aSBPUPADbInd0 aKansilePengarang1 aPerbandingan Hukum Administrasi Negara /cKansil;Pengarang ke-2, Christine a.-Cet 1 axii,366 hal. :bIllus. ;c24 cm abibliografi, hlm 359-363 a978-979-518-994-70 aInd a342.06 a342.06 KAN p a342.06 KAN p 9-10 a.--Jakarta :bRineka Cipta,c2010 2rdacontentaTeks 2rdamediaaTanpa Perantara 2rdacarrieravolume aRiwayat Hidup ,hlm 364-365 4aHukum0 aPengarang ke-2, ChristineePengarang aPUPAD260419 0  a1488/BR/2014 a1489/BR/2014 a1487/BR/2014 a1486/BR/2014